Estudio practico del ISR de la SAS sus caracters̕ticas aplicabilidad y beneficios 2018

Detalles Bibliográficos
Autor principal: Luna Guerra, Antonio
Formato: eBook
Lenguaje:español
Publicado: Ciudad de Mx̌ico: Ediciones Fiscales ISEF, 2018
Materias:
Acceso en línea:Acceso restringido

MARC

LEADER 00000nam a22000007a 4500
005 20180417205250.0
007 cr|||| ||||
008 180417s2018 mx |||||s|||| 00||0 spa d
020 |a 978-607-406-997-6 
035 |a 21343 
040 |a vLex 
090 |c 7771  |d 7771 
100 1 |a Luna Guerra, Antonio 
245 1 0 |a Estudio practico del ISR de la SAS sus caracters̕ticas aplicabilidad y beneficios 2018  |h [Recurso electrn̤ico] /  |c Antonio Luna Guerra 
256 |a Servicio en ln̕ea 
260 |a Ciudad de Mx̌ico:  |b Ediciones Fiscales ISEF,  |c 2018 
300 |a 1 recurso electrn̤ico 
500 |a Esta imperdible obra nos muestra un ESTUDIO PRACTICO DEL ISR que se aplica para las SOCIEDADES por ACCIONES SIMPLIFICADA SAS. El pasado 14 de marzo de 2016, se publicaron reformas a la Ley General de Sociedades Mercantiles, en la que se crea un nuevo tipo de sociedad mercantil en Mx̌ico, la Sociedad por Acciones Simplificada (SAS); En la Ley del ISR no es explc̕ita su obligatoriedad, pero debe entenderse que como sociedad Mercantil queda comprendida como "persona moral" para todos los aspectos Fiscales. 
506 1 |a Disponible solo en los productos indicados  |d vLex Global  |d vLex Global (Academic Edition, excluding Law Schools)  |d vLex Global (U.S. Academic Edition, Law Schools)  |d vLex Global (U.S. Academic Edition, excluding Law Schools)  |d vLex Global (Academic Edition, Law Schools) 
650 0 4 |a Derecho Fiscal  |z Mx̌ico 
740 0 |a vLex Libros (Servicio en ln̕ea) 
856 4 0 |u http://vlex.com/source/estudio-practico-del-isr-de-la-sas-sus-caracteristicas-aplicabilidad-y-beneficios-2018-21343  |z Acceso restringido 
942 |c BOOK 
999 0 |a Tax Law